ARRUPE JESUIT UNIVERSITY

CORONAVIRUS -STOP THE SPREAD - CLEAN,DISINFECT,COVER

Deep ancestry : (Record no. 119957)

MARC details
000 -LEADER
fixed length control field 02697cam a2200385 a 4500
001 - CONTROL NUMBER
control field 14431511
003 - CONTROL NUMBER IDENTIFIER
control field ARRUPE
005 - DATE AND TIME OF LATEST TRANSACTION
control field 20140205142952.0
008 - FIXED-LENGTH DATA ELEMENTS--GENERAL INFORMATION
fixed length control field 060628s2006 dcuab b 001 0beng
010 ## - LIBRARY OF CONGRESS CONTROL NUMBER
LC control number 2006021421
020 ## - INTERNATIONAL STANDARD BOOK NUMBER
International Standard Book Number 0792262158 (cloth : alk. paper)
020 ## - INTERNATIONAL STANDARD BOOK NUMBER
International Standard Book Number 9780792262152 (cloth : alk. paper)
035 ## - SYSTEM CONTROL NUMBER
System control number (OCoLC)ocm70265481
035 ## - SYSTEM CONTROL NUMBER
System control number (OCoLC)70265481
040 ## - CATALOGING SOURCE
Original cataloging agency DLC
Transcribing agency DLC
Modifying agency BAKER
-- C#P
-- NSB
-- BUR
-- BTCTA
-- YDXCP
-- DLC
050 00 - LIBRARY OF CONGRESS CALL NUMBER
Classification number QH371
Item number .W45 2006
082 00 - DEWEY DECIMAL CLASSIFICATION NUMBER
Classification number 599.93/5
Edition number 22
300 ## - PHYSICAL DESCRIPTION
Other physical details ill., maps ;
Dimensions 22 cm.
100 1# - MAIN ENTRY--PERSONAL NAME
Personal name Wells, Spencer,
Dates associated with a name 1969-
9 (RLIN) 8024
245 10 - TITLE STATEMENT
Title Deep ancestry :
Remainder of title inside the Genographic Project /
Statement of responsibility, etc Spencer Wells.
260 ## - PUBLICATION, DISTRIBUTION, ETC. (IMPRINT)
Place of publication, distribution, etc Washington, D.C. :
Name of publisher, distributor, etc National Geographic,
Date of publication, distribution, etc c2006.
300 ## - PHYSICAL DESCRIPTION
Extent 247 p. :
504 ## - BIBLIOGRAPHY, ETC. NOTE
Bibliography, etc Includes bibliographical references (p. 235-237) and index.
505 0# - FORMATTED CONTENTS NOTE
Formatted contents note The block -- Odine's story: the exception -- Margaret's story: the hearth -- Phil's story: the ice -- Virumandi's story: the beach -- Julius's story: the cradle -- Haplogroup descriptions.
520 ## - SUMMARY, ETC.
Summary, etc Science tells us we're all related--one vast family sharing a common ancestor who lived in Africa 60,000 years ago. But countless questions remain about our great journey from the birthplace of Homo sapiens. How and when did we end up where we are? Why do we display such a wide range of colors and features? The fossil record offers some answers, but new research reveals many more, since our DNA carries a chronicle of our species and its migrations. This book translates complicated concepts into accessible language and explains how each individual's DNA contributes another piece to the puzzle. It takes readers inside the Genographic Project, the landmark study now assembling the world's largest collection of DNA samples and employing the latest in testing technology and computer analysis to examine hundreds of thousands of genetic profiles from all over the globe, showing how universal our human heritage really is.--From publisher description.
610 20 - SUBJECT ADDED ENTRY--CORPORATE NAME
Corporate name or jurisdiction name as entry element Genographic Project.
9 (RLIN) 8025
650 #0 - SUBJECT ADDED ENTRY--TOPICAL TERM
Topical term or geographic name as entry element Human evolution.
9 (RLIN) 8026
650 #0 - SUBJECT ADDED ENTRY--TOPICAL TERM
Topical term or geographic name as entry element DNA
General subdivision Evolution.
9 (RLIN) 8027
650 #0 - SUBJECT ADDED ENTRY--TOPICAL TERM
Topical term or geographic name as entry element Human genetics.
9 (RLIN) 8028
856 41 - ELECTRONIC LOCATION AND ACCESS
Materials specified Table of contents only
Uniform Resource Identifier <a href="http://www.loc.gov/catdir/toc/ecip0616/2006021421.html">http://www.loc.gov/catdir/toc/ecip0616/2006021421.html</a>
856 42 - ELECTRONIC LOCATION AND ACCESS
Materials specified Contributor biographical information
Uniform Resource Identifier <a href="http://www.loc.gov/catdir/enhancements/fy0662/2006021421-b.html">http://www.loc.gov/catdir/enhancements/fy0662/2006021421-b.html</a>
856 42 - ELECTRONIC LOCATION AND ACCESS
Materials specified Publisher description
Uniform Resource Identifier <a href="http://www.loc.gov/catdir/enhancements/fy0662/2006021421-d.html">http://www.loc.gov/catdir/enhancements/fy0662/2006021421-d.html</a>
906 ## - LOCAL DATA ELEMENT F, LDF (RLIN)
a 7
b cbc
c orignew
d 1
e ecip
f 20
g y-gencatlg
942 ## - ADDED ENTRY ELEMENTS (KOHA)
Source of classification or shelving scheme Library of Congress Classification
Koha item type Monograph ( Printed materials)
Holdings
Withdrawn status Lost status Source of classification or shelving scheme Damaged status Not for loan Collection code Home library Current library Shelving location Date acquired Total Checkouts Full call number Barcode Date last seen Price effective from Koha item type
    Library of Congress Classification     Main Collection ARRUPE LIBRARY ARRUPE LIBRARY Main Collection 05/02/2014   QH371 .W45 2006 46411947 02/07/2019 05/02/2014 Monograph ( Printed materials)

 

Arrupe Library. PO Box MP320 Mt Pleasant, Harare, Zimbabwe
263 242 745411|librarian@aju.ac.zw